[Event "DVM U20 2014"]
[Site "Naumburg (Saale) GER"]
[Date "2014.12.27"]
[Round "2"]
[White "Zimmermann, Ulrich"]
[Black "Neef, Maximilian"]
[Result "0-1"]
[Termination "normal"]
[Board "1.1"]
[BlackTitle "FM"]
[WhiteElo "2345"]
[BlackElo "2353"]
[WhiteClock "00:02:45"]
[BlackClock "00:06:53"]
[WhiteTeam "SK Bebenhausen"]
[BlackTeam "USV TU Dresden"]
[PlyCount "70"]
[WhiteFideId "24654523"]
[BlackFideId "24692085"]
[EventCountry "GER"]
[EventRounds "7"]
[EventType "team-swiss"]
[EventDate "2014.12.26"]

1. d4 Nf6 2. c4 g6 3. Nc3 Bg7 4. e4 d6 5. Bd3 O-O 6. Nge2 a6 7. O-O Nbd7 8. f4
c5 9. d5 b5 10. cxb5 Qb6 11. Kh1 axb5 12. e5 dxe5 13. Bxb5 Bb7 14. a4 Rfd8 15.
Qb3 Qc7 16. Be3 Nb6 17. Bg1 Nbxd5 18. Bc4 exf4 19. Rac1 e6 20. Bxd5 Nxd5 21.
Ne4 Rab8 22. Nxc5 Ba8 23. Qh3 Qd6 24. b3 Rbc8 25. Qh4 h6 26. b4 g5 27. Qe1 Ne7
28. Qf2 Nf5 29. Rfd1 Qxd1 30. Rxd1 Rxd1 31. b5 Ne3 32. h4 Rxc5 33. Nxf4 gxf4
34. Qxf4 Bxg2+ 35. Kh2 Be5 0-1

[Event "DVM U20 2014"]
[Site "Naumburg (Saale) GER"]
[Date "2014.12.27"]
[Round "2"]
[White "Möhn, Hans"]
[Black "Braun, Georg"]
[Result "1/2-1/2"]
[Termination "normal"]
[Board "1.2"]
[WhiteElo "2273"]
[BlackElo "2229"]
[WhiteTeam "USV TU Dresden"]
[BlackTeam "SK Bebenhausen"]
[PlyCount "75"]
[WhiteFideId "24647837"]
[BlackFideId "24629383"]
[EventCountry "GER"]
[EventRounds "7"]
[EventType "team-swiss"]
[EventDate "2014.12.26"]

1. Nf3 Nf6 2. c4 c5 3. Nc3 g6 4. g3 Nc6 5. Bg2 d6 6. O-O Bg7 7. d4 cxd4 8. Nxd4
Bd7 9. Nb3 Qc8 10. Bg5 Be6 11. Nd5 Bxd5 12. cxd5 Ne5 13. Rc1 Qd8 14. Qc2 Qb6
15. Be3 Qa6 16. f4 Neg4 17. Bd4 Nh5 18. Bxg7 Nxg7 19. Bh3 Qb6+ 20. Kh1 Ne3 21.
Qc8+ Rxc8 22. Rxc8+ Qd8 23. Rxd8+ Kxd8 24. Rc1 f5 25. Bg2 Nxg2 26. Kxg2 Nh5 27.
Nd4 Kd7 28. Nb5 Rb8 29. Nxa7 Nf6 30. Nb5 Nxd5 31. a4 h6 32. Kf2 g5 33. e3 e6
34. b3 Rg8 35. Nd4 Nf6 36. Nb5 Nd5 37. Nd4 Nf6 38. Nb5 1/2-1/2

[Event "DVM U20 2014"]
[Site "Naumburg (Saale) GER"]
[Date "2014.12.27"]
[Round "2"]
[White "Gibicar, Danijel"]
[Black "Gungl, Theo"]
[Result "1/2-1/2"]
[Termination "normal"]
[Board "1.3"]
[WhiteElo "2142"]
[BlackElo "2122"]
[WhiteClock "00:02:35"]
[BlackClock "00:04:59"]
[WhiteTeam "SK Bebenhausen"]
[BlackTeam "USV TU Dresden"]
[PlyCount "66"]
[WhiteFideId "24660256"]
[BlackFideId "24695653"]
[EventCountry "GER"]
[EventRounds "7"]
[EventType "team-swiss"]
[EventDate "2014.12.26"]

1. d4 d5 2. c4 c6 3. cxd5 cxd5 4. Nc3 Nf6 5. Bf4 a6 6. e3 Nc6 7. Rc1 Qb6 8. Bd3
e6 9. Nf3 Bd7 10. h3 Rc8 11. O-O Be7 12. Na4 Qa7 13. Nc5 O-O 14. a3 Na5 15.
Nxd7 Nxd7 16. Qa4 Nc6 17. Rc3 h6 18. Rfc1 Nb6 19. Qd1 Qa8 20. b4 Rfd8 21. Ne5
Nxe5 22. Bxe5 Rxc3 23. Rxc3 Rc8 24. Qc2 Rxc3 25. Qxc3 Qc8 26. Qxc8+ Nxc8 27.
Bc7 Kf8 28. Kf1 Ke8 29. b5 Kd7 30. Be5 f6 31. bxa6 bxa6 32. Bb8 Bxa3 33. Bxa6
Ne7 1/2-1/2

[Event "DVM U20 2014"]
[Site "Naumburg (Saale) GER"]
[Date "2014.12.27"]
[Round "2"]
[White "Lebeda, Timo"]
[Black "Thamm, Merlin Jannes"]
[Result "1-0"]
[Termination "normal"]
[Board "1.5"]
[WhiteElo "2094"]
[BlackElo "1697"]
[WhiteClock "00:28:35"]
[BlackClock "00:38:46"]
[WhiteTeam "SK Bebenhausen"]
[BlackTeam "USV TU Dresden"]
[PlyCount "47"]
[WhiteFideId "4638565"]
[BlackFideId "24695564"]
[EventCountry "GER"]
[EventRounds "7"]
[EventType "team-swiss"]
[EventDate "2014.12.26"]

1. c4 Nf6 2. Nf3 Nc6 3. d4 d6 4. Nc3 e5 5. Bg5 exd4 6. Nxd4 Nxd4 7. Qxd4 Be7 8.
e4 O-O 9. O-O-O Nd7 10. Bxe7 Qxe7 11. Nd5 Qd8 12. Bd3 Ne5 13. Bc2 a6 14. f4 Nc6
15. Qc3 Ne7 16. e5 Nxd5 17. Rxd5 Be6 18. Rd2 Qc8 19. Rf1 dxe5 20. f5 Bd7 21. f6
g6 22. Qe3 Kh8 23. Bxg6 Rg8 24. Bxf7 1-0

[Event "DVM U20 2014"]
[Site "Naumburg (Saale) GER"]
[Date "2014.12.27"]
[Round "2"]
[White "Klek, Hanna Marie"]
[Black "Grigorian, Spartak"]
[Result "0-1"]
[Termination "normal"]
[Board "2.1"]
[WhiteElo "2225"]
[BlackElo "2244"]
[WhiteClock "00:17:18"]
[BlackClock "00:49:02"]
[WhiteTeam "SC Erlangen"]
[BlackTeam "SK Wildeshausen"]
[PlyCount "78"]
[WhiteFideId "24670057"]
[BlackFideId "24661490"]
[EventCountry "GER"]
[EventRounds "7"]
[EventType "team-swiss"]
[EventDate "2014.12.26"]

1. e4 c5 2. Nf3 d6 3. d4 cxd4 4. Nxd4 Nf6 5. Nc3 a6 6. Bg5 e6 7. f4 b5 8. e5
dxe5 9. fxe5 Qc7 10. exf6 Qe5+ 11. Be2 Qxg5 12. O-O Qe5 13. Nf3 Bc5+ 14. Kh1
Qxf6 15. Ne4 Qe7 16. Ne5 O-O 17. Rxf7 Rxf7 18. Nxf7 Kxf7 19. Nxc5 Qxc5 20. Bh5+
Ke7 21. Qf3 Ra7 22. Qf7+ Kd8 23. Qg8+ Kc7 24. Bg4 h5 25. Bf3 Kb6 26. a4 Rc7 27.
c3 b4 28. h3 Ka7 29. cxb4 Qxb4 30. Qd8 Qf4 31. b4 Bb7 32. b5 Rc1+ 33. Rxc1
Qxc1+ 34. Kh2 Qf4+ 35. Kh1 Bxf3 36. b6+ Ka8 37. gxf3 Qxf3+ 38. Kh2 Qf4+ 39. Kg2
Qxa4 0-1

[Event "DVM U20 2014"]
[Site "Naumburg (Saale) GER"]
[Date "2014.12.27"]
[Round "2"]
[White "Reuker, Jari"]
[Black "Miller, Eduard"]
[Result "0-1"]
[Termination "normal"]
[Board "2.2"]
[WhiteElo "1903"]
[BlackElo "2129"]
[WhiteClock "00:22:48"]
[BlackClock "00:26:53"]
[WhiteTeam "SK Wildeshausen"]
[BlackTeam "SC Erlangen"]
[PlyCount "86"]
[WhiteFideId "12909300"]
[BlackFideId "24687022"]
[EventCountry "GER"]
[EventRounds "7"]
[EventType "team-swiss"]
[EventDate "2014.12.26"]

1. e4 c5 2. Nf3 d6 3. d4 cxd4 4. Nxd4 Nf6 5. Nc3 g6 6. Be3 Bg7 7. f3 a6 8. Qd2
Nbd7 9. O-O-O b5 10. Kb1 Bb7 11. g4 Ne5 12. h4 h5 13. gxh5 Nxh5 14. Rg1 Nf6 15.
f4 Neg4 16. f5 b4 17. Nd5 Nxe4 18. Qxb4 Bxd5 19. Rxg4 Rb8 20. Qe1 Qc8 21. c4
Nf6 22. Rg1 Be4+ 23. Ka1 Bxf5 24. Bg2 Ng4 25. Bg5 Be5 26. Qe2 Kf8 27. Rgf1 f6
28. Bf4 Bxd4 29. Rxd4 e5 30. Bg3 exd4 31. Bxd6+ Kg7 32. Qe7+ Kh6 33. Bf4+ Kh5
34. Bf3 Qe6 35. Qc5 Qb6 36. Bxg4+ Kxg4 37. Qa3 d3 38. Qc3 Rbe8 39. Bc1 Re2 40.
c5 Qe6 41. Qb4+ Kh5 42. Bd2 Rxd2 43. Qxd2 Qe2 0-1

[Event "DVM U20 2014"]
[Site "Naumburg (Saale) GER"]
[Date "2014.12.27"]
[Round "2"]
[White "Wenninger, Philipp"]
[Black "Finke, Maurice"]
[Result "1-0"]
[Termination "normal"]
[Board "2.3"]
[WhiteElo "2259"]
[BlackElo "1989"]
[WhiteClock "00:12:34"]
[BlackClock "00:25:13"]
[WhiteTeam "SC Erlangen"]
[BlackTeam "SK Wildeshausen"]
[PlyCount "65"]
[WhiteFideId "4648404"]
[BlackFideId "12909580"]
[EventCountry "GER"]
[EventRounds "7"]
[EventType "team-swiss"]
[EventDate "2014.12.26"]

1. d4 Nf6 2. c4 c5 3. d5 e6 4. Nc3 exd5 5. cxd5 d6 6. Nf3 g6 7. Qa4+ Nfd7 8. e4
a6 9. Bf4 Qe7 10. Bd3 Bg7 11. Nb5 axb5 12. Qxa8 Bxb2 13. Rb1 Bc3+ 14. Bd2 Bxd2+
15. Nxd2 Qg5 16. Bxb5 O-O 17. g3 Re8 18. f4 Qxd5 19. Bxd7 Rxe4+ 20. Nxe4 Qxe4+
21. Kd2 c4 22. Qa3 Qd4+ 23. Kc1 c3 24. Rd1 Qe3+ 25. Kc2 Bxd7 26. Qxc3 Bf5+ 27.
Kb2 Qe2+ 28. Rd2 Qb5+ 29. Qb3 Qxb3+ 30. axb3 Bxb1 31. Kxb1 Kf8 32. Rxd6 Na6 33.
Rb6 1-0

[Event "DVM U20 2014"]
[Site "Naumburg (Saale) GER"]
[Date "2014.12.27"]
[Round "2"]
[White "Ngo, Minh Duc"]
[Black "Diller, Daniel"]
[Result "1-0"]
[Termination "normal"]
[Board "2.4"]
[WhiteElo "2024"]
[BlackElo "1872"]
[WhiteClock "01:08:17"]
[BlackClock "00:19:31"]
[WhiteTeam "SK Wildeshausen"]
[BlackTeam "SC Erlangen"]
[PlyCount "51"]
[WhiteFideId "12942693"]
[BlackFideId "12908983"]
[EventCountry "GER"]
[EventRounds "7"]
[EventType "team-swiss"]
[EventDate "2014.12.26"]

1. e4 e6 2. d4 d5 3. Nd2 Nf6 4. e5 Nfd7 5. Bd3 c5 6. c3 Nc6 7. Ne2 cxd4 8. cxd4
f6 9. exf6 Nxf6 10. Nf3 Bd6 11. O-O O-O 12. Bf4 Bxf4 13. Nxf4 Ne4 14. Ne2 Rxf3
15. gxf3 Ng5 16. f4 Nh3+ 17. Kg2 Qh4 18. f3 Nxf4+ 19. Nxf4 Qxf4 20. Rc1 Nxd4
21. Qa4 b5 22. Bxb5 Rb8 23. Bd3 Rxb2+ 24. Rc2 Rxc2+ 25. Bxc2 Nxc2 26. Qxf4 1-0

[Event "DVM U20 2014"]
[Site "Naumburg (Saale) GER"]
[Date "2014.12.27"]
[Round "2"]
[White "Zhao, Kevin"]
[Black "Schumann, Steffen"]
[Result "1/2-1/2"]
[Termination "normal"]
[Board "2.5"]
[WhiteElo "1907"]
[BlackElo "1828"]
[WhiteClock "00:03:57"]
[BlackClock "00:09:55"]
[WhiteTeam "SC Erlangen"]
[BlackTeam "SK Wildeshausen"]
[PlyCount "103"]
[WhiteFideId "1271884"]
[BlackFideId "24686891"]
[EventCountry "GER"]
[EventRounds "7"]
[EventType "team-swiss"]
[EventDate "2014.12.26"]

1. e4 c5 2. Nf3 d6 3. d4 cxd4 4. Nxd4 Nf6 5. Nc3 g6 6. Be3 Bg7 7. Qd2 Ng4 8.
Bg5 h6 9. Bh4 Nc6 10. Nxc6 bxc6 11. h3 Nf6 12. Rd1 Qa5 13. Bc4 Qb4 14. e5 Qxc4
15. exf6 Bxf6 16. Bxf6 Qe6+ 17. Qe3 Qxf6 18. O-O Be6 19. Rfe1 g5 20. Ne2 c5 21.
Nc3 O-O 22. Nd5 Bxd5 23. Rxd5 Rfe8 24. b3 a5 25. Qd3 Rad8 26. Rf5 Qg6 27. Qf3
Kg7 28. g4 e5 29. Re3 Re6 30. Qd5 Rf6 31. Rexe5 dxe5 32. Qxd8 Rxf5 33. gxf5
Qxf5 34. Qxa5 Qxc2 35. Qc7 Qd1+ 36. Kh2 Qd4 37. Kg1 e4 38. a4 Qd1+ 39. Kh2 Qxb3
40. a5 Qc2 41. Kg2 Qc4 42. Qd6 e3 43. Qe5+ Kg8 44. Qxe3 Qb5 45. Qa3 c4 46. a6
Qc6+ 47. Kf1 c3 48. a7 Qh1+ 49. Ke2 Qe4+ 50. Kd1 Qd3+ 51. Ke1 Qe4+ 52. Kf1
1/2-1/2

[Event "DVM U20 2014"]
[Site "Naumburg (Saale) GER"]
[Date "2014.12.27"]
[Round "2"]
[White "Eschholz, Dario"]
[Black "Wegmann, Simon"]
[Result "1-0"]
[Termination "normal"]
[Board "2.6"]
[WhiteElo "1639"]
[BlackElo "1712"]
[WhiteClock "01:06:03"]
[BlackClock "00:09:54"]
[WhiteTeam "SK Wildeshausen"]
[BlackTeam "SC Erlangen"]
[PlyCount "57"]
[WhiteFideId "12928690"]
[BlackFideId "1270758"]
[EventCountry "GER"]
[EventRounds "7"]
[EventType "team-swiss"]
[EventDate "2014.12.26"]

1. e4 e5 2. Nf3 Nc6 3. Bc4 Be7 4. d4 d6 5. h3 exd4 6. Nxd4 Nxd4 7. Qxd4 Bf6 8.
Qd3 Ne7 9. O-O Nc6 10. f4 Be6 11. Bxe6 fxe6 12. c3 Qe7 13. Be3 O-O-O 14. a4 g6
15. Na3 e5 16. f5 gxf5 17. Rxf5 d5 18. exd5 Rhg8 19. Qf1 Rxd5 20. Rxf6 Rd7 21.
Kh1 e4 22. Qf2 Ne5 23. Bc5 Qg7 24. Rf8+ Rd8 25. Rxd8+ Rxd8 26. Qf5+ Kb8 27.
Qxe4 Qg3 28. Nc4 Nd3 29. Qe3 1-0

[Event "DVM U20 2014"]
[Site "Naumburg (Saale) GER"]
[Date "2014.12.27"]
[Round "2"]
[White "Kotainy, Jens"]
[Black "Pauly, Carlo"]
[Result "1/2-1/2"]
[Termination "normal"]
[Board "3.1"]
[WhiteTitle "IM"]
[WhiteElo "2397"]
[BlackElo "2173"]
[WhiteTeam "SG Bochum"]
[BlackTeam "SG Porz"]
[PlyCount "58"]
[WhiteFideId "24670499"]
[BlackFideId "24673269"]
[EventCountry "GER"]
[EventRounds "7"]
[EventType "team-swiss"]
[EventDate "2014.12.26"]

1. Nf3 Nf6 2. g3 g6 3. Bg2 Bg7 4. c4 d6 5. Nc3 O-O 6. O-O Nc6 7. d4 a6 8. b3
Rb8 9. Ne1 Bd7 10. Bb2 b5 11. c5 b4 12. Na4 d5 13. Nd3 Ne4 14. f3 Nc3 15. Bxc3
bxc3 16. e3 e5 17. dxe5 Nxe5 18. Nxe5 Bxa4 19. f4 Bb5 20. Rf2 Bxe5 21. fxe5 Qe7
22. Qd4 Rbe8 23. Bxd5 Qxe5 24. a4 Bd7 25. Rc1 Bh3 26. Bg2 Bxg2 27. Kxg2 Qxe3
28. Qxc3 a5 29. Rcc2 Re5 1/2-1/2

[Event "DVM U20 2014"]
[Site "Naumburg (Saale) GER"]
[Date "2014.12.27"]
[Round "2"]
[White "Xu, Xianliang"]
[Black "Thanabalasingam, Ajandhan"]
[Result "1-0"]
[Termination "normal"]
[Board "3.2"]
[WhiteElo "2113"]
[BlackElo "2007"]
[WhiteTeam "SG Porz"]
[BlackTeam "SG Bochum"]
[PlyCount "57"]
[WhiteFideId "4603230"]
[BlackFideId "24601659"]
[EventCountry "GER"]
[EventRounds "7"]
[EventType "team-swiss"]
[EventDate "2014.12.26"]

1. e4 c5 2. c3 d5 3. exd5 Qxd5 4. d4 g6 5. Nf3 Bg7 6. Be3 cxd4 7. cxd4 Qa5+ 8.
Nc3 Nh6 9. Bc4 O-O 10. O-O Nc6 11. d5 Qb4 12. dxc6 Qxc4 13. Nd5 bxc6 14. Nxe7+
Kh8 15. Nxc8 Rfxc8 16. Bd4 Rd8 17. Bxg7+ Kxg7 18. Qc1 Qxc1 19. Raxc1 Rd6 20. g3
Nf5 21. Rc3 Rb8 22. b3 Rb6 23. Rfc1 Ra6 24. R1c2 Rd1+ 25. Kg2 Ra1 26. a4 Rb6
27. Rd2 Ra3 28. Rdd3 a5 29. Ne5 1-0

[Event "DVM U20 2014"]
[Site "Naumburg (Saale) GER"]
[Date "2014.12.27"]
[Round "2"]
[White "Giraud, Valerian"]
[Black "Finke, Kai"]
[Result "1/2-1/2"]
[Termination "normal"]
[Board "3.3"]
[WhiteElo "1982"]
[BlackElo "2099"]
[WhiteTeam "SG Bochum"]
[BlackTeam "SG Porz"]
[PlyCount "41"]
[WhiteFideId "12920355"]
[BlackFideId "1270611"]
[EventCountry "GER"]
[EventRounds "7"]
[EventType "team-swiss"]
[EventDate "2014.12.26"]

1. d4 Nf6 2. c4 e6 3. Nf3 c5 4. d5 exd5 5. cxd5 d6 6. Nc3 g6 7. Bf4 Bg7 8. h3
O-O 9. e3 Na6 10. Nd2 Nc7 11. Nc4 b5 12. Nxd6 b4 13. Na4 Nfxd5 14. Nxc8 Rxc8
15. Bh2 Nb6 16. Nxb6 axb6 17. Qc2 Qf6 18. Rb1 Qe7 19. a4 Be5 20. Bxe5 Qxe5 21.
Bc4 1/2-1/2

[Event "DVM U20 2014"]
[Site "Naumburg (Saale) GER"]
[Date "2014.12.27"]
[Round "2"]
[White "Eigemann, Frederik"]
[Black "Stricker, Florian"]
[Result "1-0"]
[Termination "normal"]
[Board "3.4"]
[WhiteElo "2015"]
[BlackElo "2148"]
[WhiteTeam "SG Porz"]
[BlackTeam "SG Bochum"]
[PlyCount "93"]
[WhiteFideId "24692034"]
[BlackFideId "12976385"]
[EventCountry "GER"]
[EventRounds "7"]
[EventType "team-swiss"]
[EventDate "2014.12.26"]

1. d4 e6 2. Nf3 d5 3. c4 Nf6 4. g3 c6 5. Nbd2 Be7 6. Bg2 O-O 7. O-O Nbd7 8. Qc2
c5 9. Rd1 Qb6 10. Nb3 a5 11. dxc5 Nxc5 12. Be3 a4 13. Nxc5 Bxc5 14. Bxc5 Qxc5
15. Rac1 Bd7 16. cxd5 Qxc2 17. Rxc2 exd5 18. Ne5 Be6 19. Rc7 a3 20. Rxb7 axb2
21. Rxb2 Ra6 22. Rd4 g6 23. a4 Rc8 24. h3 Rc3 25. Kh2 Ra3 26. Rbb4 Ra2 27. Bf3
Rc2 28. Kg2 Kg7 29. Nd3 g5 30. Rb5 Ra2 31. Nc5 Ra7 32. Rdb4 Bf5 33. Rb7 Ra5 34.
R7b5 Ra7 35. Rb7 Ra5 36. R7b5 Ra8 37. Rb8 Ra7 38. R8b7 Ra8 39. R7b6 h5 40. g4
hxg4 41. hxg4 Bc2 42. Rd6 R8xa4 43. Nxa4 Rxa4 44. Rbb6 Nxg4 45. Rxd5 f6 46.
Rd7+ Kg6 47. Rdd6 1-0

[Event "DVM U20 2014"]
[Site "Naumburg (Saale) GER"]
[Date "2014.12.27"]
[Round "2"]
[White "Budszuhn, Timo"]
[Black "Padva, Leo"]
[Result "0-1"]
[Termination "normal"]
[Board "3.5"]
[WhiteElo "1989"]
[BlackElo "1900"]
[WhiteTeam "SG Bochum"]
[BlackTeam "SG Porz"]
[PlyCount "122"]
[WhiteFideId "1270607"]
[BlackFideId "12964379"]
[EventCountry "GER"]
[EventRounds "7"]
[EventType "team-swiss"]
[EventDate "2014.12.26"]

1. e4 c5 2. Nf3 g6 3. d4 cxd4 4. Nxd4 Bg7 5. Be3 d6 6. Be2 Nf6 7. Nd2 Nc6 8. c3
Bd7 9. O-O O-O 10. f4 Nxd4 11. Bxd4 Ne8 12. Nf3 Bg4 13. Bxg7 Nxg7 14. Kh1 Qb6
15. Nd4 Bxe2 16. Qxe2 e5 17. Nb3 exf4 18. Rxf4 Rae8 19. Rd1 f5 20. Qc4+ Kh8 21.
exf5 Rxf5 22. Rxf5 Nxf5 23. Nd4 Nxd4 24. Qf7 Qd8 25. cxd4 Qe7 26. Qxe7 Rxe7 27.
h3 Re2 28. Rc1 Rxb2 29. Rc8+ Kg7 30. Rd8 Rxa2 31. Rd7+ Kf6 32. Rxb7 h5 33. Kh2
Ra4 34. Kg3 Rxd4 35. Rxa7 Re4 36. Kf3 Re7 37. Ra5 Re5 38. Ra7 h4 39. Rh7 Rf5+
40. Ke3 Rh5 41. Rd7 Ke6 42. Ra7 Rg5 43. Ra2 Ke5 44. Kf2 d5 45. Ra4 d4 46. Ra5+
Kf4 47. Ra3 Ke4 48. Ra8 Rf5+ 49. Ke1 Rb5 50. Re8+ Re5 51. Ra8 Ke3 52. Ra2 d3
53. Ra8 Rb5 54. Re8+ Kf4 55. Rf8+ Rf5 56. Rd8 Kg3 57. Rd4 Kxg2 58. Rxh4 g5 59.
Rh8 Rf3 60. h4 Rh3 61. h5 g4 0-1

[Event "DVM U20 2014"]
[Site "Naumburg (Saale) GER"]
[Date "2014.12.27"]
[Round "2"]
[White "Eigemann, Julian"]
[Black "Rempe, Moritz"]
[Result "1-0"]
[Termination "normal"]
[Board "3.6"]
[WhiteElo "1913"]
[BlackElo "1951"]
[WhiteTeam "SG Porz"]
[BlackTeam "SG Bochum"]
[PlyCount "87"]
[WhiteFideId "24666599"]
[BlackFideId "12906867"]
[EventCountry "GER"]
[EventRounds "7"]
[EventType "team-swiss"]
[EventDate "2014.12.26"]

1. Nc3 d5 2. e4 d4 3. Nce2 e5 4. Ng3 Be6 5. Nf3 Nc6 6. Bb5 f6 7. d3 a6 8. Ba4
Qd7 9. O-O g6 10. Qe2 Nge7 11. c3 b5 12. Bb3 Bxb3 13. axb3 Bg7 14. Rd1 O-O 15.
cxd4 exd4 16. Nh4 Rfe8 17. f4 Nd5 18. Rf1 Ndb4 19. f5 g5 20. Nf3 Ne5 21. Nxe5
Rxe5 22. Nh5 h6 23. Bd2 Nc6 24. h4 Qf7 25. hxg5 hxg5 26. Rfc1 Nd8 27. Ba5 Ra7
28. Nxg7 Kxg7 29. Qc2 Re7 30. Qc5 Rb7 31. Qxd4 Rd7 32. Qc3 Qe7 33. Bb4 Qe5 34.
Rxa6 Rb6 35. Qxe5 fxe5 36. Rxb6 cxb6 37. Rc3 g4 38. Kf2 Kf6 39. Ke3 Kf7 40. Rc8
Ke8 41. Bc3 Re7 42. f6 Rf7 43. Bxe5 Kd7 44. Rc7+ 1-0

[Event "DVM U20 2014"]
[Site "Naumburg (Saale) GER"]
[Date "2014.12.27"]
[Round "2"]
[White "Hobusch, Jan"]
[Black "Kramer, Julian"]
[Result "1/2-1/2"]
[Termination "normal"]
[Board "4.1"]
[WhiteElo "2183"]
[BlackElo "2234"]
[WhiteTeam "SG Solingen"]
[BlackTeam "Hamburger SK von 1830"]
[PlyCount "92"]
[WhiteFideId "12907634"]
[BlackFideId "12921742"]
[EventCountry "GER"]
[EventRounds "7"]
[EventType "team-swiss"]
[EventDate "2014.12.26"]

1. d4 d5 2. Bf4 Nf6 3. e3 c5 4. c3 Nc6 5. Nd2 e6 6. Ngf3 Bd6 7. Ne5 Qc7 8. Ndf3
Nd7 9. Nxd7 Bxd7 10. Bg3 cxd4 11. exd4 O-O-O 12. Bxd6 Qxd6 13. Bb5 f6 14. O-O
h5 15. Re1 g5 16. Nd2 Kb8 17. Qf3 Rdf8 18. Qg3 Qxg3 19. hxg3 Kc7 20. f3 h4 21.
Kf2 hxg3+ 22. Kxg3 Rh4 23. Rh1 Rfh8 24. Rxh4 Rxh4 25. Bxc6 Bxc6 26. Re1 Kd6 27.
Nf1 a5 28. Ne3 Rh8 29. Ng4 Ke7 30. Nf2 Bb5 31. Rh1 Rxh1 32. Nxh1 Bc4 33. a3 Kd6
34. Kf2 Kc6 35. Ke1 Kb5 36. Nf2 Ka4 37. Kd2 Kb3 38. Kc1 Bf1 39. g3 f5 40. f4 g4
41. Nd1 Bd3 42. Ne3 Be4 43. Nf1 Bd3 44. Ne3 Be4 45. Nf1 b6 46. Nd2+ Ka4 1/2-1/2

[Event "DVM U20 2014"]
[Site "Naumburg (Saale) GER"]
[Date "2014.12.27"]
[Round "2"]
[White "Uksini, Bardhyl"]
[Black "Zolfagharian, Kevin"]
[Result "1-0"]
[Termination "normal"]
[Board "4.2"]
[WhiteElo "2204"]
[BlackElo "2144"]
[WhiteTeam "Hamburger SK von 1830"]
[BlackTeam "SG Solingen"]
[PlyCount "67"]
[WhiteFideId "1628313"]
[BlackFideId "12933570"]
[EventCountry "GER"]
[EventRounds "7"]
[EventType "team-swiss"]
[EventDate "2014.12.26"]

1. d4 d5 2. c4 c6 3. Nf3 Nf6 4. Nc3 e6 5. cxd5 cxd5 6. Bg5 Be7 7. e3 Nc6 8. Bd3
O-O 9. O-O Bd7 10. Rc1 Rc8 11. Bb1 Ne8 12. Bxe7 Qxe7 13. e4 dxe4 14. Nxe4 Nf6
15. Qd3 g6 16. a3 Rfd8 17. Ba2 Be8 18. b4 a5 19. b5 Nb8 20. Nxf6+ Qxf6 21. a4
Nd7 22. Qe4 Qf5 23. Qxb7 Rb8 24. Qa7 Ra8 25. Qc7 Nf6 26. Rc5 Qd3 27. Bc4 Qa3
28. b6 Ne4 29. b7 Rab8 30. Bb5 Nxc5 31. dxc5 Bxb5 32. axb5 Qc3 33. Ne5 a4 34.
Nc6 1-0

[Event "DVM U20 2014"]
[Site "Naumburg (Saale) GER"]
[Date "2014.12.27"]
[Round "2"]
[White "Neumair, Jerome"]
[Black "Grötzbach, Julian"]
[Result "1/2-1/2"]
[Termination "normal"]
[Board "4.3"]
[WhiteElo "2122"]
[BlackElo "2201"]
[WhiteTeam "SG Solingen"]
[BlackTeam "Hamburger SK von 1830"]
[PlyCount "67"]
[WhiteFideId "24672637"]
[BlackFideId "24600938"]
[EventCountry "GER"]
[EventRounds "7"]
[EventType "team-swiss"]
[EventDate "2014.12.26"]

1. d4 d5 2. c4 c6 3. Nf3 Nf6 4. Nc3 e6 5. e3 Nbd7 6. Qc2 Bd6 7. b3 O-O 8. Be2
b6 9. O-O Bb7 10. e4 Nxe4 11. Nxe4 dxe4 12. Qxe4 Nf6 13. Qh4 h6 14. Bb2 Be7 15.
Qf4 Bd6 16. Qh4 Be7 17. Qf4 Bd6 18. Ne5 Nd7 19. Qe3 Nxe5 20. dxe5 Be7 21. Qe4
Qc7 22. Bd3 g6 23. Qe3 Kg7 24. Rae1 Rad8 25. Bc2 Bc5 26. Qf4 Be7 27. Qe3 Bc5
28. Qf4 Be7 29. h4 c5 30. Bc3 Qc6 31. Be4 Qc7 32. Bc2 Qc6 33. Be4 Qc7 34. Bc2
1/2-1/2

[Event "DVM U20 2014"]
[Site "Naumburg (Saale) GER"]
[Date "2014.12.27"]
[Round "2"]
[White "Hinrichs, Jan"]
[Black "Reksten, Daniel"]
[Result "1-0"]
[Termination "normal"]
[Board "4.4"]
[WhiteElo "2195"]
[BlackElo "1895"]
[WhiteTeam "Hamburger SK von 1830"]
[BlackTeam "SG Solingen"]
[PlyCount "99"]
[WhiteFideId "12907294"]
[BlackFideId "24692590"]
[EventCountry "GER"]
[EventRounds "7"]
[EventType "team-swiss"]
[EventDate "2014.12.26"]

1. d4 d5 2. c4 e6 3. Nf3 Be7 4. g3 Nf6 5. Bg2 O-O 6. O-O c6 7. b3 Nbd7 8. Bb2
b6 9. Ne5 Bb7 10. cxd5 cxd5 11. Nd2 Rc8 12. Rc1 Rxc1 13. Qxc1 Qc8 14. Qb1 Qb8
15. f4 Rc8 16. f5 Ba6 17. Nxf7 Bxe2 18. Re1 Kxf7 19. fxe6+ Kxe6 20. Rxe2+ Kf7
21. Bxd5+ Nxd5 22. Qf5+ N7f6 23. Nf3 Kf8 24. Ng5 h6 25. Ne6+ Kg8 26. Qg6 Bf8
27. Ba3 Qb7 28. Nxf8 Rxf8 29. Bxf8 Kxf8 30. Qf5 Qd7 31. Qe5 Kg8 32. Rc2 a5 33.
Rc1 Kf7 34. a3 Qe7 35. Rc6 Qxe5 36. dxe5 Ne8 37. Kf2 Ke7 38. Kf3 Kd7 39. Rg6
Kc7 40. Ke4 Nc3+ 41. Kd3 Nd5 42. Kd4 Ne7 43. Re6 Kd7 44. Rxb6 Nc6+ 45. Ke4 Nc7
46. b4 axb4 47. axb4 Ne7 48. b5 Kc8 49. g4 Kd7 50. Rd6+ 1-0

[Event "DVM U20 2014"]
[Site "Naumburg (Saale) GER"]
[Date "2014.12.27"]
[Round "2"]
[White "Bashylin, Seva"]
[Black "Riederer, Martin"]
[Result "0-1"]
[Termination "normal"]
[Board "4.5"]
[WhiteElo "1685"]
[BlackElo "2061"]
[WhiteTeam "SG Solingen"]
[BlackTeam "Hamburger SK von 1830"]
[PlyCount "68"]
[WhiteFideId "24688045"]
[BlackFideId "12903140"]
[EventCountry "GER"]
[EventRounds "7"]
[EventType "team-swiss"]
[EventDate "2014.12.26"]

1. d4 f5 2. Bg5 g6 3. e3 Bg7 4. Bd3 Nc6 5. c3 d6 6. Ne2 Be6 7. Ng3 h6 8. Bf4
Bf7 9. e4 e5 10. dxe5 dxe5 11. Bc1 f4 12. Ne2 Qd7 13. b4 O-O-O 14. Bc2 Qg4 15.
Bd2 Qxg2 16. Rf1 Nf6 17. f3 Nh7 18. Bb3 Bf6 19. Bxf7 Bh4+ 20. Ng3 fxg3 21. Qe2
gxh2+ 22. Kd1 h1=Q 23. Rxh1 Qxh1+ 24. Kc2 Bg5 25. Kb2 Qh3 26. Bxg6 Kb8 27. Bf5
Qg3 28. b5 Ne7 29. Be6 Rhf8 30. Bg4 Nf6 31. Bxg5 hxg5 32. Nd2 Nxg4 33. fxg4
Rxd2+ 34. Qxd2 Rf2 0-1

[Event "DVM U20 2014"]
[Site "Naumburg (Saale) GER"]
[Date "2014.12.27"]
[Round "2"]
[White "Grötzbach, Daniel"]
[Black "Andrä, Philipp"]
[Result "1-0"]
[Termination "normal"]
[Board "4.6"]
[WhiteElo "1930"]
[BlackElo "1869"]
[WhiteTeam "Hamburger SK von 1830"]
[BlackTeam "SG Solingen"]
[PlyCount "55"]
[WhiteFideId "24692166"]
[BlackFideId "1271844"]
[EventCountry "GER"]
[EventRounds "7"]
[EventType "team-swiss"]
[EventDate "2014.12.26"]

1. e4 c5 2. Nf3 d6 3. d4 cxd4 4. Nxd4 Nf6 5. Nc3 a6 6. Be3 e5 7. Nb3 Be6 8. h3
Be7 9. f4 b5 10. Qf3 Qc7 11. O-O-O Nbd7 12. g4 b4 13. Nd5 Bxd5 14. exd5 Rc8 15.
Rh2 O-O 16. g5 Ne8 17. f5 a5 18. Kb1 a4 19. Nc1 Nb6 20. h4 Nc4 21. Bxc4 Qxc4
22. h5 Nc7 23. f6 Bd8 24. fxg7 Kxg7 25. g6 fxg6 26. Bh6+ Kxh6 27. Qxf8+ Kg5 28.
Rg1+ 1-0